प्रकाश किरण / (Record no. 13855)

MARC details
000 -LEADER
fixed length control field 01125nam a22002417a 4500
005 - DATE AND TIME OF LATEST TRANSACTION
control field 20080623121827.0
008 - FIXED-LENGTH DATA ELEMENTS--GENERAL INFORMATION
fixed length control field 080623t xxu||||| |||| 00| f hin d
010 ## - LIBRARY OF CONGRESS CONTROL NUMBER
LC control number HIN-83569
020 ## - INTERNATIONAL STANDARD BOOK NUMBER
Terms of availability 175.00
International Standard Book Number 818525530x
035 ## - SYSTEM CONTROL NUMBER
System control number HN-55915
037 ## - SOURCE OF ACQUISITION
Stock number पु.प्र.अ.प्र/प्रका
040 ## - CATALOGING SOURCE
Original cataloging agency DPL
Language of cataloging HN
082 ## - DEWEY DECIMAL CLASSIFICATION NUMBER
Classification number उ / सेठिया
100 ## - MAIN ENTRY--PERSONAL NAME
Personal name सेठिया, निर्मला
245 ## - TITLE STATEMENT
Title प्रकाश किरण /
Statement of responsibility, etc निर्मला सेठिया
246 ## - VARYING FORM OF TITLE
Title proper/short title Prakash Kiran
Remainder of title by Nirmala Sethiya
260 ## - PUBLICATION, DISTRIBUTION, ETC. (IMPRINT)
Place of publication, distribution, etc दिल्ली
Name of publisher, distributor, etc अभिव्यक्ति प्रकाशन
Date of publication, distribution, etc 2007
270 ## - ADDRESS
Address 29/61, गली नं.11, विश्वास नगर
City दिल्ली
Postal code 110032
Telephone number 22301432
300 ## - PHYSICAL DESCRIPTION
Extent 160पृ
Dimensions 22सेमी(सजिल्द)
650 ## - SUBJECT ADDED ENTRY--TOPICAL TERM
Topical term or geographic name as entry element Hindi Novels
942 ## - ADDED ENTRY ELEMENTS (KOHA)
Koha item type Hindi Books
Source of classification or shelving scheme Dewey Decimal Classification
Classification part
Call number suffix सेठिया
Holdings
Withdrawn status Lost status Damaged status Not for loan Collection code Home library Current library Date acquired Source of acquisition Cost, normal purchase price Total Checkouts Full call number Barcode Date last seen Copy number Cost, replacement price Price effective from Koha item type
      Not For Loan Non-fiction D.B.Act.Division D.B.Act.Division 23/06/2008 पु.प्र.अ.प्र /प्रका 175.00   उ सेठिया HN-55915 15/09/2008 1 175.00 15/09/2008 Hindi Books

© Delhi Public Library
Hit Counter
free hit counter